000 00454nam a2200193Ia 4500
005 20240823050812.0
008 240823s9999||||xx |||||||||||||| ||und||
020 _a978-0-19-959321-7
041 _aENGLISH
082 _A590 Q1
100 _aPeter Holland
245 4 _aThe animal Kingdom
250 _a1st
260 _c2011
_bOxford University
_aNew Delhi
500 _aDISPLAY
650 _aGeneral
_bGeneral
942 _cBK
999 _c218091
_d218091